000 00674nam a2200277Ia 4500
005 20260324153524.0
008 008 260324s9999 xx 000 0 eng d
020 _a9780128047934
037 _aEBOOK
040 _aCRL
040 _beng
040 _cCRL
041 _2eng
041 _aeng
084 _qCRL
100 _aBo Huang
_9974072
245 0 _aComprehensive Geographic Information Systems
250 _a1
260 _bElsevier
260 _c2017
650 _aEarth and Planetary Sciences
856 _uhttps://www.sciencedirect.com/science/referenceworks/9780128047934
942 _cEBOOK
999 _c1843226
_d1843226